Logo BPK

Biblioteka

Politechniki Koszalińskiej

Migration of freshwater fishes / (Rekord nr 42752)

Szczegóły MARC
000 -ETYKIETA REKORDU
podpole kontrolne o stałej długości 00888nam a2200265 i 4500
001 - NUMER KONTROLNY REKORDU
pole kontrolne bg
020 ## - MIĘDZYNARODOWY ZNORMALIZOWANY NUMER KSIĄŻKI - ISBN
ISBN 0632057548
040 ## - ŹRÓDŁO KATALOGOWANIA
Instytucja, która utworzyła rekord BPK
041 0# - KOD JĘZYKA
Kod języka tekstu eng
080 ## - UNIWERSALNA KLASYFIKACJA DZIESIĘTNA - UKD
UKD 597.2/.5-15(28)
920 ## - Międzynarodowy znormalizowany numer książki – ISBN
ISBN 0-632-05754-8
008 - POLE O STAŁEJ DŁUGOŚCI - DANE KONTROLNE
podpole kontrolne o stałej długości s pl f |000 0 pol
100 1# - NAZWA OSOBOWA
Nazwa osobowa LUCAS, Martyn C.
245 10 - TYTUŁ/ODPOWIEDZIALNOŚĆ
Tytuł Migration of freshwater fishes /
Pozostałe elementy strefy tytułu i oznaczenia odpowiedzialności Martyn C. Lucas, Etienne Baras ; with contr. from Timothy J. Thom, Annie Duncan and Ondrej Slavik.
260 ## - STREFA ADRESU WYDAWNICZEGO
Miejsce wydania Oxford :
Nazwa wydawcy/dystrybutora Blackwell Science,
Data publikacji, dystrybucji/powstania dokumentu 2001.
300 ## - STREFA OPISU FIZYCZNEGO
Objętość XVII, 420 s. :
Inne cechy fizyczne il. ;
Rozmiary 25 cm.
500 ## - UWAGI OGÓLNE
Tekst uwagi Bibliogr., indeks.
650 #9 - HASŁO PRZEDMIOTOWE W FORMIE NAZWY OGÓLNEJ LUB JEDNOSTKOWEJ
Nazwa ogólna lub geograficzna Ryby słodkowodne
Określnik ogólny ekologia
700 1# - HASŁO DODATKOWE - NAZWA OSOBOWA
Nazwa osobowa BARAS, Etienne
700 1# - HASŁO DODATKOWE - NAZWA OSOBOWA
Nazwa osobowa THOM, Timothy J.
700 1# - HASŁO DODATKOWE - NAZWA OSOBOWA
Nazwa osobowa DUNCAN, Annie
700 1# - HASŁO DODATKOWE - NAZWA OSOBOWA
Nazwa osobowa SLAVIK, Ondrej
856 ## - LOKALIZACJA I DOSTĘP DO ELEKTRONICZNYCH DOKUMENTÓW ZDALNYCH
Link (URL) http://koha.tu.koszalin.pl/cgi-bin/koha/opac-detail.pl?biblionumber=42752
Tekst linku Katalog online BPK
942 ## - DODATKOWE ELEMENTY (KOHA)
Typ dokumentu Książka
Egzemplarze
Wycofany Status egzemplarza Uszkodzony Dostępność Lokalizacja stała Lokalizacja bieżąca Miejsce przechowywania Sygnatura Kod kreskowy Status: wypożyczony Typ dokumentu
      Dostępny Biblioteka Politechniki Koszalińskiej Biblioteka Politechniki Koszalińskiej Wypożyczalnia BG 67241 01916867 03.11.2026 Książka
© 2023 Biblioteka Politechniki Koszalińskiej :: KOHA